História a súčasnosť Psychiatrickej liečebne Plešivec K storočnici liečebne

Bibliographic Details
Main Author: Kováč, Juraj, 1945- (Author)
Corporate Author: Psychiatrická liečebňa (Plešivec, Slovensko) (Author)
Format: Article
Language:Slovak
Subjects:

MARC

LEADER 00000nab a2200000 a 4500
001 vtls001004624
003 SK-MaSNL
005 20260304183230.0
008 040720e19980804xo 0 slo
035 |a RV5224 
040 |a RVGKPD  |b slo  |c RVGKPD  |e AACR2 
041 0 |a slo 
044 |a xo  |c SK 
080 |a 616.89(091)  |2 1981 
100 1 |a Kováč, Juraj,  |d 1945-  |4 aut  |9 214202 
245 1 0 |a História a súčasnosť Psychiatrickej liečebne Plešivec  |b K storočnici liečebne 
500 |a Pokrač. 
500 |a súčasnosť 
610 2 7 |a Psychiatrická liečebňa (Plešivec, Slovensko)  |2 RVGKPD  |9 58673 
650 0 7 |a dejiny  |2 RVGKPD  |9 3825 
651 7 |a Plešivec (Slovensko)  |2 RVGKPD  |9 29311 
655 7 |a periodikum  |2 snkbucl  |9 29553 
710 2 |a Psychiatrická liečebňa (Plešivec, Slovensko)  |4 aut  |9 58673 
773 0 8 |t Zora Gemera  |g Roč. 6, č.31, 4.8.1998, s. 5 
852 |a ZVYKNI  |b KIS3GCP 
999 |c 3033921  |d 3035851